[Event "38. Rilton Cup 2008/2009"]
[Site "Stockholm SWE"]
[Date "2008.12.27"]
[Round "1.1"]
[White "Sisatto, Olli"]
[Black "Kuzubov, Yuriy"]
[Result "0-1"]
[WhiteElo "2283"]
[BlackElo "2622"]
[PlyCount "62"]
[EventDate "2008.12.27"]
[EventType "swiss"]
[EventRounds "9"]
[EventCountry "SWE"]
[Source "lmi"]
[SourceDate "2008.12.27"]

1. e4 c5 2. Nf3 Nc6 3. c3 Nf6 4. e5 Nd5 5. d4 cxd4 6. cxd4 d6 7. Bc4 Nb6 8. Bb3
d5 9. Nh4 e6 10. g3 Bd7 11. Nc3 Rc8 12. Qg4 Nc4 13. O-O h5 14. Qd1 Be7 15. Ng2
h4 16. Qg4 Kf8 17. Bxc4 dxc4 18. Be3 Nb4 19. Nf4 Kg8 20. Rad1 Nd5 21. Ncxd5
exd5 22. Qf3 Be6 23. Nxe6 fxe6 24. Qg4 Qd7 25. f4 Rf8 26. Qg6 Rh6 27. Qc2 hxg3
28. hxg3 Qe8 29. f5 Rh3 30. Qg2 Qh5 31. fxe6 Qg4 0-1

[Event "38. Rilton Cup 2008/2009"]
[Site "Stockholm SWE"]
[Date "2008.12.27"]
[Round "1.2"]
[White "Wojtaszek, Radoslaw"]
[Black "Kosmo, Santul"]
[Result "1-0"]
[WhiteElo "2599"]
[BlackElo "2269"]
[PlyCount "49"]
[EventDate "2008.12.27"]
[EventType "swiss"]
[EventRounds "9"]
[EventCountry "SWE"]
[Source "lmi"]
[SourceDate "2008.12.27"]

1. d4 Nf6 2. Nf3 c5 3. d5 e6 4. c4 exd5 5. cxd5 d6 6. e4 g6 7. Bd3 Bg7 8. h3
O-O 9. O-O Nh5 10. Re1 Nd7 11. Nbd2 Rb8 12. a4 a6 13. Nc4 Nb6 14. Bg5 Qc7 15.
e5 Nxc4 16. Bxc4 b5 17. exd6 Qd7 18. axb5 axb5 19. Bf1 Bxb2 20. Be7 Bxa1 21.
Qxa1 Re8 22. g4 Ng7 23. Ng5 f5 24. Qf6 Rb7 25. Ne6 1-0

[Event "38. Rilton Cup 2008/2009"]
[Site "Stockholm SWE"]
[Date "2008.12.27"]
[Round "1.3"]
[White "Johansson, Gunnar"]
[Black "Cramling, Pia"]
[Result "1/2-1/2"]
[WhiteElo "2261"]
[BlackElo "2550"]
[PlyCount "85"]
[EventDate "2008.12.27"]
[EventType "swiss"]
[EventRounds "9"]
[EventCountry "SWE"]
[Source "lmi"]
[SourceDate "2008.12.27"]

1. d4 d5 2. Nf3 Nf6 3. c4 c6 4. e3 Bg4 5. h3 Bxf3 6. Qxf3 e6 7. Bd3 Nbd7 8. O-O
Bd6 9. Nd2 O-O 10. e4 dxe4 11. Nxe4 Nxe4 12. Qxe4 g6 13. Bd2 a5 14. Rfd1 Re8
15. Bc3 Qc7 16. Bf1 Bb4 17. Qc2 Bxc3 18. Qxc3 Rad8 19. Rd2 Nf6 20. Re1 Kg7 21.
g3 Rd7 22. Bg2 Red8 23. Red1 Qb6 24. Kf1 Qb4 25. Qc2 a4 26. Qc3 Qxc3 27. bxc3
Ne8 28. Rb2 e5 29. c5 Kf8 30. Rdb1 exd4 31. cxd4 Rxd4 32. Rxb7 Rd2 33. Bxc6
Rxa2 34. Rb8 Rad2 35. Bxa4 Nc7 36. c6 Ne6 37. Rxd8+ Rxd8 38. Bd1 Rc8 39. Bf3
Nd4 40. Bg2 Nxc6 41. Rc1 Ne7 42. Rxc8+ Nxc8 43. f4 1/2-1/2

[Event "38. Rilton Cup 2008/2009"]
[Site "Stockholm SWE"]
[Date "2008.12.27"]
[Round "1.4"]
[White "Ivanov, Sergey"]
[Black "Glimbrant, Torbjorn"]
[Result "1-0"]
[WhiteElo "2547"]
[BlackElo "2254"]
[PlyCount "57"]
[EventDate "2008.12.27"]
[EventType "swiss"]
[EventRounds "9"]
[EventCountry "SWE"]
[Source "lmi"]
[SourceDate "2008.12.27"]

1. d4 d5 2. c4 e6 3. Nc3 c5 4. cxd5 exd5 5. Nf3 Nc6 6. g3 Nf6 7. Bg2 Be7 8. O-O
O-O 9. dxc5 Bxc5 10. Bg5 d4 11. Ne4 Be7 12. Bxf6 Bxf6 13. b4 d3 14. Nxf6+ Qxf6
15. b5 dxe2 16. Qxe2 Nd4 17. Nxd4 Qxd4 18. Rfd1 Qb4 19. Rab1 Qa4 20. Qe7 Bf5
21. Qb4 Qxa2 22. Ra1 Qe6 23. Bxb7 Rab8 24. Bc6 Rfd8 25. Rxd8+ Rxd8 26. Re1 Qa2
27. Qe7 Qd2 28. Qe8+ Rxe8 29. Rxe8# 1-0

[Event "38. Rilton Cup 2008/2009"]
[Site "Stockholm SWE"]
[Date "2008.12.27"]
[Round "1.5"]
[White "Kockum, Anton Frisk"]
[Black "Gleizerov, Evgeny"]
[Result "1/2-1/2"]
[WhiteElo "2252"]
[BlackElo "2545"]
[PlyCount "102"]
[EventDate "2008.12.27"]
[EventType "swiss"]
[EventRounds "9"]
[EventCountry "SWE"]
[Source "lmi"]
[SourceDate "2008.12.27"]

1. d4 e6 2. Nf3 f5 3. c4 Nf6 4. g3 d5 5. Nc3 c6 6. Bg2 Bd6 7. Bf4 Bxf4 8. gxf4
O-O 9. Ne5 Nbd7 10. e3 Ne4 11. Qc2 Nxe5 12. dxe5 Bd7 13. Nxe4 fxe4 14. O-O-O
Qe7 15. h4 b5 16. c5 b4 17. Kb1 a5 18. Rc1 a4 19. Qd2 Rfb8 20. Bf1 Bc8 21. Qd4
Ba6 22. Bxa6 Rxa6 23. f3 exf3 24. e4 b3 25. a3 Rd8 26. f5 dxe4 27. Qxe4 Qf7 28.
fxe6 Qxe6 29. Qxf3 Qxe5 30. Rhf1 Qe6 31. Rce1 Qg6+ 32. Ka1 Ra7 33. h5 Qh6 34.
Rd1 Rxd1+ 35. Rxd1 Rd7 36. Re1 Rd8 37. Qg4 Kh8 38. Qxa4 Qxh5 39. Qxb3 Qxc5 40.
Qd3 Rf8 41. Rh1 Qf5 42. Qc4 Qb5 43. Qe4 h6 44. Rc1 Rb8 45. b4 Rc8 46. Kb2 Qb6
47. Rc5 Qc7 48. Qe6 Qd8 49. Rxc6 Qd2+ 50. Kb3 Qd3+ 51. Kb2 Qd2+ 1/2-1/2

[Event "38. Rilton Cup 2008/2009"]
[Site "Stockholm SWE"]
[Date "2008.12.27"]
[Round "1.6"]
[White "Hillarp Persson, Tiger"]
[Black "Furman, Boris"]
[Result "1-0"]
[WhiteElo "2543"]
[BlackElo "2251"]
[PlyCount "69"]
[EventDate "2008.12.27"]
[EventType "swiss"]
[EventRounds "9"]
[EventCountry "SWE"]
[Source "lmi"]
[SourceDate "2008.12.27"]

1. d4 Nf6 2. c4 e6 3. Nc3 Bb4 4. e3 Nc6 5. Nge2 d5 6. a3 Bd6 7. c5 Be7 8. b4 e5
9. g3 e4 10. Bg2 O-O 11. f3 Re8 12. fxe4 dxe4 13. O-O Bf8 14. h3 Ne7 15. g4
Ned5 16. Nxd5 Nxd5 17. Ng3 Qh4 18. Qe1 a5 19. bxa5 Bd7 20. Bd2 Bc6 21. Nxe4 Qe7
22. Qf2 Ra6 23. Rae1 Bb5 24. Nd6 cxd6 25. Bxd5 Bxf1 26. Rxf1 Kh8 27. Bxf7 dxc5
28. Bxe8 Rf6 29. Qg2 Rxf1+ 30. Kxf1 Qxe8 31. Qxb7 cxd4 32. exd4 Qa4 33. a6 Qd1+
34. Be1 Qd3+ 35. Kg2 1-0

[Event "38. Rilton Cup 2008/2009"]
[Site "Stockholm SWE"]
[Date "2008.12.27"]
[Round "1.7"]
[White "Sammalvuo, Niina"]
[Black "Ulibin, Mikhail"]
[Result "0-1"]
[WhiteElo "2245"]
[BlackElo "2521"]
[PlyCount "44"]
[EventDate "2008.12.27"]
[EventType "swiss"]
[EventRounds "9"]
[EventCountry "SWE"]
[Source "lmi"]
[SourceDate "2008.12.27"]

1. e4 e6 2. d3 d5 3. Nd2 c5 4. Ngf3 Nc6 5. g3 g6 6. Bg2 Bg7 7. O-O Nge7 8. Re1
O-O 9. c3 e5 10. exd5 Nxd5 11. Nc4 Re8 12. a4 h6 13. Qb3 Nb6 14. Be3 Be6 15.
Qd1 e4 16. Nxb6 exf3 17. Nxa8 fxg2 18. Bxc5 Ne5 19. Re3 Qxa8 20. d4 Bg4 21. Qc2
Nf3+ 22. Kxg2 b6 0-1

[Event "38. Rilton Cup 2008/2009"]
[Site "Stockholm SWE"]
[Date "2008.12.27"]
[Round "1.8"]
[White "Berczes, David"]
[Black "Meskovs, Nikita"]
[Result "1-0"]
[WhiteElo "2514"]
[BlackElo "2247"]
[PlyCount "63"]
[EventDate "2008.12.27"]
[EventType "swiss"]
[EventRounds "9"]
[EventCountry "SWE"]
[Source "lmi"]
[SourceDate "2008.12.27"]

1. d4 Nf6 2. c4 c5 3. d5 b5 4. cxb5 a6 5. e3 g6 6. Nc3 Bg7 7. e4 d6 8. a4 O-O
9. Nf3 Qa5 10. Bd2 Qb4 11. Bd3 c4 12. Bc2 Bg4 13. O-O Bxf3 14. gxf3 Nh5 15. f4
axb5 16. Nxb5 Qc5 17. Qf3 Bxb2 18. Rab1 c3 19. Be3 Qc4 20. Kh1 Nd7 21. Rg1 Nhf6
22. Bd4 Rfc8 23. Rbd1 Qa2 24. Bxf6 exf6 25. Qh3 Nf8 26. Nd4 Kh8 27. Qh6 Nd7 28.
Nf5 Rg8 29. Rd3 Nf8 30. Rh3 Ba3 31. Rgg3 Qa1+ 32. Kg2 1-0

[Event "38. Rilton Cup 2008/2009"]
[Site "Stockholm SWE"]
[Date "2008.12.27"]
[Round "1.9"]
[White "Guenther, Oliver"]
[Black "Akesson, Ralf"]
[Result "1/2-1/2"]
[WhiteElo "1978"]
[BlackElo "2484"]
[PlyCount "127"]
[EventDate "2008.12.27"]
[EventType "swiss"]
[EventRounds "9"]
[EventCountry "SWE"]
[Source "lmi"]
[SourceDate "2008.12.27"]

1. c4 Nf6 2. Nc3 c5 3. g3 e6 4. Nf3 b6 5. Bg2 Bb7 6. O-O Be7 7. b3 a6 8. d4
cxd4 9. Qxd4 d6 10. Ba3 Nc6 11. Qd2 d5 12. Bxe7 Nxe7 13. cxd5 Nexd5 14. Rfd1
O-O 15. Na4 Rc8 16. Rac1 Nd7 17. Nc3 Qe7 18. Nd4 Rxc3 19. Rxc3 Nxc3 20. Qxc3
Rc8 21. Qe3 Bxg2 22. Kxg2 Nf6 23. Nf3 Qc7 24. Qd3 a5 25. a4 h6 26. Qb5 Nd5 27.
Rd2 Qb7 28. Rd4 Rc2 29. Qd3 Rc3 30. Qb1 Qc7 31. e4 Nf6 32. Nd2 Nd7 33. Rc4 Qe5
34. Nf3 Qf6 35. Qd1 Rxc4 36. bxc4 Nc5 37. e5 Qe7 38. Qb1 Qc7 39. Qb5 Kf8 40.
Nd2 Qd7 41. Qxb6 Nxa4 42. Qxa5 Kg8 43. Qb5 Qxd2 44. Qxa4 Qd4 45. Qe8+ Kh7 46.
Qxf7 Qxc4 47. Kh3 Qa2 48. Qf3 Qb1 49. Kg2 Qc2 50. h4 Qb1 51. Qe2 Qb7+ 52. f3
Kg8 53. Kh2 Qb1 54. Kg2 Kf7 55. Qd2 Kg8 56. g4 Qb5 57. Qe3 Qb2+ 58. Kg3 Qb1 59.
Qd2 Qa1 60. Qe3 Qb1 61. h5 Qa1 62. g5 hxg5 63. Kg4 Qf1 64. Qxg5 1/2-1/2

[Event "38. Rilton Cup 2008/2009"]
[Site "Stockholm SWE"]
[Date "2008.12.27"]
[Round "1.10"]
[White "Grandelius, Nils"]
[Black "Naslund, Mikael"]
[Result "1-0"]
[WhiteElo "2464"]
[BlackElo "2243"]
[PlyCount "65"]
[EventDate "2008.12.27"]
[EventType "swiss"]
[EventRounds "9"]
[EventCountry "SWE"]
[Source "lmi"]
[SourceDate "2008.12.27"]

1. d4 Nf6 2. c4 e6 3. Nf3 b6 4. g3 Ba6 5. Qc2 Bb7 6. Bg2 c5 7. d5 exd5 8. cxd5
Nxd5 9. O-O Be7 10. Rd1 Qc8 11. a3 O-O 12. Qe4 Nc3 13. Qxe7 Nxd1 14. Qd6 Nxf2
15. Kxf2 Na6 16. Nc3 Nc7 17. Bf4 Ne6 18. Rd1 Nxf4 19. Qxf4 d5 20. Nxd5 Bxd5 21.
Rxd5 Qa6 22. Ne5 Rae8 23. Bf3 Re6 24. Rd7 Rf6 25. Qd2 Qa4 26. Qd5 h6 27. Nc6 a5
28. Ne7+ Kh7 29. Qd3+ g6 30. Nd5 Rf5 31. Nxb6 Qg4 32. e4 Rf6 33. Nd5 1-0

[Event "38. Rilton Cup 2008/2009"]
[Site "Stockholm SWE"]
[Date "2008.12.27"]
[Round "1.11"]
[White "Angskog, Kent"]
[Black "Bogner, Sebastian"]
[Result "0-1"]
[WhiteElo "2243"]
[BlackElo "2448"]
[PlyCount "79"]
[EventDate "2008.12.27"]
[EventType "swiss"]
[EventRounds "9"]
[EventCountry "SWE"]
[Source "lmi"]
[SourceDate "2008.12.27"]

1. Nf3 Nf6 2. g3 d5 3. Bg2 c6 4. O-O Bf5 5. d3 e6 6. Nbd2 Be7 7. b3 O-O 8. Bb2
a5 9. a4 Nbd7 10. Re1 Bg6 11. e4 h6 12. Qe2 Bc5 13. e5 Ne8 14. d4 Be7 15. c4
Nc7 16. Rac1 Na6 17. cxd5 cxd5 18. Qb5 Ra7 19. Bf1 Ndb8 20. Bd3 Nb4 21. Bxg6
fxg6 22. Re3 N8c6 23. h4 Qe8 24. Qf1 Qf7 25. Qh3 Raa8 26. Rf1 Rac8 27. Ne1 Bd8
28. Rf3 Qe8 29. Rxf8+ Kxf8 30. Ng2 Nd3 31. Ba3+ Kg8 32. g4 Ndb4 33. Bb2 Bb6 34.
g5 Bxd4 35. Bxd4 Nxd4 36. gxh6 gxh6 37. Kh1 Qf7 38. Rg1 Kh7 39. Ne3 Rc3 40. Qg4
0-1

[Event "38. Rilton Cup 2008/2009"]
[Site "Stockholm SWE"]
[Date "2008.12.27"]
[Round "1.12"]
[White "Brynell, Stellan"]
[Black "Andersson, Fredrik"]
[Result "1/2-1/2"]
[WhiteElo "2447"]
[BlackElo "2235"]
[PlyCount "43"]
[EventDate "2008.12.27"]
[EventType "swiss"]
[EventRounds "9"]
[EventCountry "SWE"]
[Source "lmi"]
[SourceDate "2008.12.27"]

1. d4 d5 2. c4 dxc4 3. Nf3 Nf6 4. e3 e6 5. Bxc4 c5 6. O-O a6 7. a4 Nc6 8. Qe2
cxd4 9. Rd1 Be7 10. exd4 O-O 11. Nc3 Nb4 12. Bg5 Bd7 13. Ne5 Bc6 14. Nxc6 bxc6
15. a5 Qc7 16. Ra4 Qb7 17. Bf4 Rfd8 18. Raa1 Qa7 19. Be5 Nd7 20. Bf4 Nf6 21.
Be5 Nd7 22. Bf4 1/2-1/2

[Event "38. Rilton Cup 2008/2009"]
[Site "Stockholm SWE"]
[Date "2008.12.27"]
[Round "1.13"]
[White "Lindeman, Sven"]
[Black "Bellon Lopez, Juan Manuel"]
[Result "0-1"]
[WhiteElo "2234"]
[BlackElo "2440"]
[PlyCount "112"]
[EventDate "2008.12.27"]
[EventType "swiss"]
[EventRounds "9"]
[EventCountry "SWE"]
[Source "lmi"]
[SourceDate "2008.12.27"]

1. e4 c5 2. Nf3 g6 3. d4 Bg7 4. Nc3 Qa5 5. dxc5 Bxc3+ 6. bxc3 Nf6 7. Bd3 Qxc3+
8. Bd2 Qxc5 9. Rb1 d6 10. O-O O-O 11. e5 dxe5 12. Rb5 Qc7 13. Nxe5 Nbd7 14. Bf4
Nxe5 15. Bxe5 Qc6 16. Rb4 Rd8 17. Qb1 Rd5 18. Re1 a6 19. Qb2 b5 20. Be2 Bb7 21.
Bf3 Rad8 22. h3 Qe6 23. Bc3 Qd6 24. Be5 Rxe5 25. Rxe5 Bxf3 26. gxf3 Nd5 27.
Rbe4 e6 28. Qd4 Qa3 29. f4 Qc1+ 30. Kh2 Qxc2 31. f5 gxf5 32. Re1 Qc7 33. Kh1
Ne7 34. Qe3 Ng6 35. Rc5 Qd6 36. Rec1 Kg7 37. Rc7 Qd5+ 38. Kg1 f4 39. Qa7 Ne5
40. Qxa6 Nf3+ 41. Kf1 Nd4 42. Qb7 Qxb7 43. Rxb7 f3 44. Rcc7 Rf8 45. Ke1 e5 46.
Kd2 Kg6 47. Ke3 h6 48. Ke4 Ne6 49. Rc6 Ra8 50. Rxb5 Rxa2 51. Rxe5 Re2+ 52. Kd5
Rxf2 53. Rcxe6+ fxe6+ 54. Rxe6+ Kf5 55. Rxh6 Rd2+ 56. Kc4 f2 0-1

[Event "38. Rilton Cup 2008/2009"]
[Site "Stockholm SWE"]
[Date "2008.12.27"]
[Round "1.14"]
[White "Hirneise, Tobias"]
[Black "Ask, Josef"]
[Result "1-0"]
[WhiteElo "2440"]
[BlackElo "2225"]
[PlyCount "47"]
[EventDate "2008.12.27"]
[EventType "swiss"]
[EventRounds "9"]
[EventCountry "SWE"]
[Source "lmi"]
[SourceDate "2008.12.27"]

1. e4 e5 2. Nf3 Nc6 3. Bb5 Nge7 4. Nc3 Ng6 5. h4 h5 6. d3 Be7 7. g3 d6 8. d4 a6
9. Be2 Bg4 10. d5 Bxf3 11. Bxf3 Nd4 12. Bg2 Bf6 13. Be3 c5 14. Ne2 Nf8 15. c3
Nxe2 16. Qxe2 g6 17. b4 Nd7 18. Bh3 cxb4 19. cxb4 Rc8 20. O-O Rc3 21. Rac1 Ra3
22. Qc2 b5 23. Qc7 Be7 24. Qb7 1-0

[Event "38. Rilton Cup 2008/2009"]
[Site "Stockholm SWE"]
[Date "2008.12.27"]
[Round "1.15"]
[White "Willemze, Thomas"]
[Black "Adler, Bo"]
[Result "1-0"]
[WhiteElo "2417"]
[BlackElo "2218"]
[PlyCount "93"]
[EventDate "2008.12.27"]
[EventType "swiss"]
[EventRounds "9"]
[EventCountry "SWE"]
[Source "lmi"]
[SourceDate "2008.12.27"]

1. e4 e5 2. Nf3 Nc6 3. Nc3 Bb4 4. Nd5 Nf6 5. Nxb4 Nxb4 6. c3 Nc6 7. d3 d5 8.
Qc2 h6 9. h3 Be6 10. b4 a6 11. a4 O-O 12. Be2 Nd7 13. O-O f5 14. exd5 Bxd5 15.
Bb2 e4 16. dxe4 fxe4 17. Nh2 e3 18. f4 Nf6 19. Rad1 Qe7 20. b5 axb5 21. axb5
Na5 22. c4 Be4 23. Qc3 Rfe8 24. Rfe1 Qf7 25. Ng4 Nxg4 26. Bxg4 Re7 27. Ba3 Qxf4
28. Rxe3 Rf7 29. Re2 Bf5 30. Rf1 Qxc4 31. Qxc4 Nxc4 32. Bxf5 Rxf5 33. Rxf5 Rxa3
34. Re8+ Kh7 35. Re7 Nd6 36. Rc5 c6 37. b6 Rb3 38. Rd7 Nc8 39. Rf5 Rxb6 40.
Rff7 Rb1+ 41. Kh2 Kg6 42. Rxg7+ Kf6 43. Rh7 Kg6 44. Rh8 Na7 45. Ra8 Nb5 46.
Rxb7 Rc1 47. Rg8+ 1-0

[Event "38. Rilton Cup 2008/2009"]
[Site "Stockholm SWE"]
[Date "2008.12.27"]
[Round "1.16"]
[White "Eriksson, Jorgen"]
[Black "Blomqvist, Erik"]
[Result "1/2-1/2"]
[WhiteElo "2217"]
[BlackElo "2418"]
[PlyCount "68"]
[EventDate "2008.12.27"]
[EventType "swiss"]
[EventRounds "9"]
[EventCountry "SWE"]
[Source "lmi"]
[SourceDate "2008.12.27"]

1. d4 d5 2. c4 c6 3. Nf3 Nf6 4. e3 Bf5 5. Nc3 e6 6. Be2 Nbd7 7. Nh4 Bg6 8. O-O
Bd6 9. g3 O-O 10. Nxg6 hxg6 11. b3 Qe7 12. Bf3 Rfd8 13. Bd2 Bb4 14. Rc1 Rac8
15. Qe2 dxc4 16. bxc4 e5 17. Rfd1 Nb6 18. Be1 Re8 19. Qf1 exd4 20. exd4 Qe6 21.
Ne4 Bf8 22. Ng5 Qf5 23. h4 Nh7 24. Qh3 Qf6 25. Qg4 Rcd8 26. Nxh7 Kxh7 27. Ba5
Rc8 28. Kg2 Kg8 29. Bd2 Qe7 30. Rh1 Nd7 31. Bg5 Nf6 32. Qf4 Qe6 33. Bxf6 Qxf6
34. Qxf6 gxf6 1/2-1/2

[Event "38. Rilton Cup 2008/2009"]
[Site "Stockholm SWE"]
[Date "2008.12.27"]
[Round "1.17"]
[White "Huschenbeth, Niclas"]
[Black "Agrest, Inna"]
[Result "1-0"]
[WhiteElo "2417"]
[BlackElo "2215"]
[PlyCount "109"]
[EventDate "2008.12.27"]
[EventType "swiss"]
[EventRounds "9"]
[EventCountry "SWE"]
[Source "lmi"]
[SourceDate "2008.12.27"]

1. e4 e5 2. Nf3 Nc6 3. Bb5 f5 4. d3 fxe4 5. dxe4 Nf6 6. Nc3 Bc5 7. Qe2 d6 8.
Qc4 Bd7 9. Ng5 Qe7 10. Nd5 Nxd5 11. exd5 Nd4 12. Bxd7+ Qxd7 13. Qd3 Qg4 14. Be3
Nxc2+ 15. Qxc2 Bxe3 16. Ne6 Bb6 17. O-O c6 18. h3 Qg6 19. Qa4 Kf7 20. Rac1 Rhe8
21. Qb3 Re7 22. a4 cxd5 23. a5 Qxe6 24. axb6 axb6 25. f4 Kg8 26. f5 Qf7 27.
Qxb6 Rd7 28. g4 h6 29. Rc2 d4 30. h4 d3 31. Rg2 Qc4 32. g5 hxg5 33. hxg5 Qc5+
34. Qxc5 dxc5 35. Rd2 e4 36. Kf2 c4 37. Ke3 Re8 38. g6 b5 39. Rh2 Rd6 40. Rfh1
Kf8 41. Ra1 Red8 42. Ra7 R8d7 43. f6 gxf6 44. Rh8+ Kg7 45. Rxd7+ Rxd7 46. Rh7+
Kxg6 47. Rxd7 f5 48. Rb7 Kg5 49. Rxb5 Kg4 50. Rd5 f4+ 51. Kxe4 Kg3 52. b3 f3
53. bxc4 f2 54. Rxd3+ Kg2 55. Rd1 1-0

[Event "38. Rilton Cup 2008/2009"]
[Site "Stockholm SWE"]
[Date "2008.12.27"]
[Round "1.18"]
[White "Wagner, Christian"]
[Black "Tikkanen, Hans"]
[Result "0-1"]
[WhiteElo "2215"]
[BlackElo "2415"]
[PlyCount "102"]
[EventDate "2008.12.27"]
[EventType "swiss"]
[EventRounds "9"]
[EventCountry "SWE"]
[Source "lmi"]
[SourceDate "2008.12.27"]

1. d4 d5 2. c4 e5 3. dxe5 d4 4. Nf3 Nc6 5. g3 Nge7 6. Bg2 Ng6 7. Bg5 Qd7 8. e3
h6 9. Bf4 dxe3 10. Qxd7+ Bxd7 11. Bxe3 Nb4 12. Na3 Nd3+ 13. Ke2 O-O-O 14. Nb5
a6 15. Nbd4 Ndxe5 16. Rhc1 c5 17. Nxe5 Nxe5 18. Nf3 Ng4 19. h3 Nxe3 20. fxe3 g5
21. Rc2 Bf5 22. Rd2 Bg7 23. Rad1 b6 24. g4 Be6 25. Rxd8+ Rxd8 26. Rxd8+ Kxd8
27. b3 f5 28. gxf5 Bxf5 29. Nd2 Kd7 30. e4 Bg6 31. Nf1 Bd4 32. Ng3 Ke6 33. Nf5
h5 34. Nxd4+ cxd4 35. Kd3 Ke5 36. b4 Be8 37. a3 Bd7 38. Bf1 Bc6 39. Bg2 Bd7 40.
Bf1 h4 41. Bg2 g4 42. hxg4 Bxg4 43. Kd2 h3 44. Bh1 Kf4 45. c5 bxc5 46. bxc5 Bd7
47. Kd3 Ke5 48. Kd2 Bb5 49. Bf3 Kf4 50. Bh1 a5 51. Kd1 Ke3 0-1

[Event "38. Rilton Cup 2008/2009"]
[Site "Stockholm SWE"]
[Date "2008.12.27"]
[Round "1.19"]
[White "Kolbus, Dietmar"]
[Black "Forsberg, Viktor"]
[Result "1/2-1/2"]
[WhiteElo "2414"]
[BlackElo "2210"]
[PlyCount "82"]
[EventDate "2008.12.27"]
[EventType "swiss"]
[EventRounds "9"]
[EventCountry "SWE"]
[Source "lmi"]
[SourceDate "2008.12.27"]

1. c4 e6 2. Nf3 d5 3. b3 Nf6 4. Bb2 Be7 5. g3 O-O 6. Bg2 c5 7. O-O Nc6 8. cxd5
Nxd5 9. Na3 b6 10. Nc4 Bb7 11. Rc1 Rc8 12. Qc2 f6 13. Qb1 e5 14. Ne3 Nd4 15.
Nxd4 exd4 16. Bxd4 Nf4 17. gxf4 Bxg2 18. Kxg2 Qxd4 19. Nf5 Qd5+ 20. f3 Rce8 21.
Rfd1 g6 22. e4 Qd8 23. Ne3 Bd6 24. f5 Qb8 25. fxg6 Bxh2 26. gxh7+ Kh8 27. Nf5
Rf7 28. Kf2 Rxh7 29. Ke2 Qf4 30. Ne3 Rh3 31. Rf1 Rd8 32. Rc3 Bg1 33. Rd3 Rg8
34. Nf5 Rg2+ 35. Kd1 Rhh2 36. Rd8+ Kh7 37. Qd3 Bd4 38. Rd7+ Kh8 39. Rd8+ Kh7
40. Rd7+ Kh8 41. Rd8+ Kh7 1/2-1/2

[Event "38. Rilton Cup 2008/2009"]
[Site "Stockholm SWE"]
[Date "2008.12.27"]
[Round "1.20"]
[White "Henriksson, Johan"]
[Black "Klovans, Janis"]
[Result "1/2-1/2"]
[WhiteElo "2210"]
[BlackElo "2411"]
[PlyCount "81"]
[EventDate "2008.12.27"]
[EventType "swiss"]
[EventRounds "9"]
[EventCountry "SWE"]
[Source "lmi"]
[SourceDate "2008.12.27"]

1. d4 Nf6 2. Nf3 e6 3. g3 d5 4. Bg2 b5 5. O-O c5 6. b3 b4 7. a3 Bb7 8. Ne5 Nbd7
9. Nd3 bxa3 10. dxc5 Nxc5 11. Bxa3 Nxd3 12. Qxd3 Bxa3 13. Qb5+ Qd7 14. Nxa3 a6
15. Qxd7+ Kxd7 16. Nc4 Rab8 17. Ne5+ Ke7 18. c4 Rhc8 19. cxd5 Nxd5 20. Bxd5
Bxd5 21. Rxa6 Rxb3 22. Ra7+ Bb7 23. Rd1 Rc7 24. f4 f6 25. Nd3 h6 26. Rc1 Rxc1+
27. Nxc1 Rb1 28. Kf2 g5 29. Nd3 Kd6 30. fxg5 hxg5 31. h4 gxh4 32. gxh4 Bd5 33.
Ra6+ Ke7 34. Nf4 Kf7 35. Nxd5 exd5 36. Rd6 Rb5 37. Ra6 Kg6 38. h5+ Kg5 39. h6
Rb7 40. Rd6 Rh7 41. Rxd5+ 1/2-1/2

[Event "38. Rilton Cup 2008/2009"]
[Site "Stockholm SWE"]
[Date "2008.12.27"]
[Round "1.22"]
[White "Furhoff, Johan"]
[Black "Wickstrom, Lucas"]
[Result "1-0"]
[WhiteElo "2405"]
[BlackElo "2183"]
[PlyCount "48"]
[EventDate "2008.12.27"]
[EventType "swiss"]
[EventRounds "9"]
[EventCountry "SWE"]
[Source "lmi"]
[SourceDate "2008.12.27"]

1. e4 c5 2. Nc3 Nc6 3. f4 g6 4. Nf3 Bg7 5. Be2 d6 6. d3 e6 7. Be3 Nd4 8. e5 Ne7
9. Ne4 Nef5 10. Bf2 Nxf3+ 11. Bxf3 dxe5 12. fxe5 Bxe5 13. c3 O-O 14. Bxc5 Nd6
15. Qe2 Qc7 16. d4 Bxh2 17. Nf6+ Kg7 18. Rxh2 Kxf6 19. Qe5+ Ke7 20. Rxh7 Bd7
21. O-O-O Rac8 22. Bxb7 Rb8 23. Bd5 Rb5 24. Bc4 Ra5 1-0

[Event "38. Rilton Cup 2008/2009"]
[Site "Stockholm SWE"]
[Date "2008.12.27"]
[Round "1.23"]
[White "Gamback, Bjorn"]
[Black "Semcesen, Daniel"]
[Result "0-1"]
[WhiteElo "2181"]
[BlackElo "2402"]
[PlyCount "54"]
[EventDate "2008.12.27"]
[EventType "swiss"]
[EventRounds "9"]
[EventCountry "SWE"]
[Source "lmi"]
[SourceDate "2008.12.27"]

1. Nf3 f5 2. c4 g6 3. e3 Bg7 4. Qc2 e5 5. d3 Nc6 6. a3 a5 7. b3 Nf6 8. Bb2 d6
9. c5 O-O 10. cxd6 cxd6 11. Nc3 h6 12. h4 Be6 13. Rc1 Rc8 14. Nd2 Ng4 15. Be2
f4 16. Bxg4 Bxg4 17. Nde4 d5 18. Nc5 fxe3 19. fxe3 b6 20. N5a4 Nd4 21. Qb1 Qf6
22. Nd1 Nf3+ 23. Ke2 Ng1+ 24. Kd2 Qf1 25. Rxc8 Qe2+ 26. Kc3 Rxc8+ 27. Nc5 Rxc5#
0-1

[Event "38. Rilton Cup 2008/2009"]
[Site "Stockholm SWE"]
[Date "2008.12.27"]
[Round "1.24"]
[White "Berczes, Csaba"]
[Black "De Verdier, Michael"]
[Result "1-0"]
[WhiteElo "2399"]
[BlackElo "2169"]
[PlyCount "81"]
[EventDate "2008.12.27"]
[EventType "swiss"]
[EventRounds "9"]
[EventCountry "SWE"]
[Source "lmi"]
[SourceDate "2008.12.27"]

1. Nf3 Nf6 2. g3 b6 3. Bg2 Bb7 4. c4 e6 5. O-O Be7 6. Nc3 O-O 7. b3 c5 8. d4
cxd4 9. Qxd4 Nc6 10. Qf4 Qb8 11. Rd1 Rd8 12. e4 Bb4 13. Qe3 Ng4 14. Qe1 d5 15.
exd5 exd5 16. cxd5 Re8 17. dxc6 Rxe1+ 18. Nxe1 Bxc6 19. Bxc6 Bxc3 20. Rb1 Qc8
21. Bxa8 Qxa8 22. Bb2 Bxb2 23. Rxb2 h5 24. Rbd2 Qe4 25. Nd3 h4 26. h3 Ne3 27.
fxe3 Qxe3+ 28. Kg2 Qxg3+ 29. Kf1 Qxh3+ 30. Ke2 Qg2+ 31. Nf2 g5 32. Rd4 f5 33.
Rd7 Kf8 34. Rh7 Ke8 35. Rc1 Kd8 36. Rcc7 Qg3 37. Rxa7 Qe5+ 38. Kf1 Qa1+ 39. Kg2
h3+ 40. Nxh3 Qb2+ 41. Nf2 1-0

[Event "38. Rilton Cup 2008/2009"]
[Site "Stockholm SWE"]
[Date "2008.12.27"]
[Round "1.35"]
[White "Marttala, Thomas"]
[Black "Kopasov, Alexander"]
[Result "0-1"]
[WhiteElo "2221"]
[BlackElo "2109"]
[PlyCount "86"]
[EventDate "2008.12.27"]
[EventType "swiss"]
[EventRounds "9"]
[EventCountry "SWE"]
[Source "lmi"]
[SourceDate "2008.12.27"]

1. e4 e6 2. d3 c5 3. Nf3 Nc6 4. g3 g6 5. Bg2 Bg7 6. O-O Nge7 7. Nc3 O-O 8. Be3
d6 9. Qd2 Nd4 10. Bh6 e5 11. Bxg7 Kxg7 12. Nxd4 cxd4 13. Ne2 Bg4 14. f3 Bd7 15.
c3 dxc3 16. bxc3 Rc8 17. Rab1 Qc7 18. f4 f6 19. Qe3 b5 20. Rfc1 Qa5 21. d4 Be6
22. fxe5 dxe5 23. d5 Bg4 24. Rb2 Rc4 25. Rcb1 a6 26. Bf3 Bxf3 27. Qxf3 Nc8 28.
Rb4 Qxa2 29. R1b2 Qa3 30. R2b3 Qa5 31. Rxc4 bxc4 32. Rb7+ Rf7 33. Rxf7+ Kxf7
34. Qg4 Qb6+ 35. Kg2 Nd6 36. Qe6+ Kg7 37. Kf3 a5 38. g4 a4 39. Qd7+ Nf7 40.
Qxa4 Ng5+ 41. Kg2 Qe3 42. Qd7+ Kh6 43. Ng1 Nxe4 0-1